Developing management skills

Spremljeno u:
Bibliografski detalji
Glavni autor: Whetten, David A.
Format: Knjiga
Jezik:Undetermined
Izdano: New York HarperCollins 1995
Teme:
Oznake: Dodaj oznaku
Bez oznaka, Budi prvi tko označuje ovaj zapis!
Thư viện lưu trữ: Trung tâm Học liệu Trường Đại học Cần Thơ
LEADER 00518nam a2200193Ia 4500
001 CTU_44053
008 210402s9999 xx 000 0 und d
082 |a 658.40071 
082 |b W568 
100 |a Whetten, David A. 
245 0 |a Developing management skills 
245 0 |c David A. Whetten, Kim S. Cameron 
260 |a New York 
260 |b HarperCollins 
260 |c 1995 
650 |a Management 
650 |x Study and teaching 
904 |i Minh 
980 |a Trung tâm Học liệu Trường Đại học Cần Thơ